Quiz Harry POTTER Description de personnages - Statistiques

Statistiques générales
  • Ce quiz a été pris 523 fois
  • Le résultat moyen est 16 sur 20
Statistiques - réponses
Hint Réponse % Correct
Il a des lunettes rondes et une cicatrice en forme d'éclair Harry POTTER
96%
Son frère jumeau est mort George WEASLEY
95%
Il est le prince de sang-mélé Severus ROGUE
95%
Son patronus est une Loutre Hermione GRANGER
94%
Il a représenté Durmstrang au tournoi des trois sorciers Viktor KRUM
94%
Elle a accompagné Cédric DIGGORY au bal de Noel Cho CHANG
91%
Elle a tué Bellatrix LESTRANGE Molly WEASLEY
90%
Elle a accompagné Neville LONDUBAT au bal de Noel Ginny WEASLEY
86%
Elle est la directrice de la maison Gryffondor Minerva McGONAGALL
86%
Il est le père de Luna LOVEGOOD Xenophilius LOVEGOOD
86%
Elle est infirmière à Poudlard Poppy POMFRESH
85%
Il est le fils de Ron WEASLEY et de Hermione GRANGER Hugo GRANGER WEASLEY
80%
Elle est la deuxième fille de Appoline DELACOUR Gabrielle DELACOUR
77%
Sa femme est une BLACK mais elle est devenue MALEFOY Lucius MALEFOY
76%
C'est un centaure professeur Firenze
75%
Il a rendu Harry POTTER plus souple Gilderoy LOCKHART
68%
Il a été photopétrifié Colin CRIVEY
63%
Il est surnommé par Dobby "Whisky" Ron WEASLEY
63%
Elle est préfète de Poufsouffle Hannah ABBOT
52%
Elle a rejoint le ministère de la magie en 1789 Artemisia LUFKIN
1%
Aucun quiz correspondant
Distribution des résultats
% des personnes avec chaque résultat
Percentile par nombre de réponses
Votre historique - résultats
Vous n’avez pas pris ce quiz